Fées de fiction - Statistiques

Statistiques générales
  • Ce quiz a été pris 30 fois
  • Le résultat moyen est 6 sur 18
Statistiques - réponses
Fée de fiction Univers % Correct
Fée Marraine Cendrillon
92%
Fée Clochette Peter Pan
88%
Pimprenelle La Belle au Bois dormant
73%
Bloom Winx Club
62%
Fée bleue Pinocchio
58%
Glinda Le Magicien d'Oz
46%
Fée Viviane Cycle arthurien
35%
Toothania, la Fée des Dents Les Cinq Légendes
35%
Navi The Legend of Zelda
35%
Cosmo Mes parrains sont magiques
19%
King/Arlequin Seven Deadly Sins
19%
Titania Le Songe d'une nuit d'été
15%
Opale Koboi Artemis Fowl
4%
Betilla Rayman
4%
Claudine Crane True Blood
4%
Nova Once upon a time
0%
Zoe Spyro le Dragon
0%
Yui Swort Art Online
0%
Aucun quiz correspondant
Distribution des résultats
% des personnes avec chaque résultat
Percentile par nombre de réponses
Votre historique - résultats
Vous n’avez pas pris ce quiz